Leadership : (Record no. 18077)
[ view plain ]
| 000 -LEADER | |
|---|---|
| fixed length control field | 00986cam a2200289 a 4500 |
| 001 - CONTROL NUMBER | |
| control field | 015877370 |
| 003 - CONTROL NUMBER IDENTIFIER | |
| control field | OSt |
| 005 - DATE AND TIME OF LATEST TRANSACTION | |
| control field | 20201128021032.0 |
| 008 - FIXED-LENGTH DATA ELEMENTS--GENERAL INFORMATION | |
| fixed length control field | 120201s2012 xxuadk g b 001 0 eng d |
| 020 ## - INTERNATIONAL STANDARD BOOK NUMBER | |
| International Standard Book Number | 9780071086547 (pbk.) |
| 020 ## - INTERNATIONAL STANDARD BOOK NUMBER | |
| International Standard Book Number | 0071086544 (pbk.) |
| 040 ## - CATALOGING SOURCE | |
| Original cataloging agency | StDuBDS |
| Language of cataloging | eng |
| Transcribing agency | StDuBDS |
| Modifying agency | Uk |
| -- | UkCU |
| 082 04 - DEWEY DECIMAL CLASSIFICATION NUMBER | |
| Classification number | 303.34 |
| Edition number | 22 |
| Item number | HUG |
| 100 1# - MAIN ENTRY--PERSONAL NAME | |
| Personal name | Hughes, Richard L. |
| 9 (RLIN) | 35339 |
| 245 10 - TITLE STATEMENT | |
| Title | Leadership : |
| Remainder of title | enhancing the lessons of experience / |
| Statement of responsibility, etc | Richard L. Hughes, Robert C. Ginnett, Gordon J. Curphy. |
| 250 ## - EDITION STATEMENT | |
| Edition statement | 7th ed., |
| Remainder of edition statement | international ed. |
| 260 ## - PUBLICATION, DISTRIBUTION, ETC. (IMPRINT) | |
| Place of publication, distribution, etc | New York, United States : |
| Name of publisher, distributor, etc | McGraw-Hill / Irwin, |
| Date of publication, distribution, etc | 2012 |
| Place of manufacture | (Singapore) |
| 300 ## - PHYSICAL DESCRIPTION | |
| Extent | xviii, 716 p. : |
| Other physical details | chart, forms, tables ; |
| Dimensions | 24 cm. |
| 500 ## - GENERAL NOTE | |
| General note | Includes indexes. |
| 504 ## - BIBLIOGRAPHY, ETC. NOTE | |
| Bibliography, etc | Includes bibliographical references. |
| 650 #0 - SUBJECT ADDED ENTRY--TOPICAL TERM | |
| Topical term or geographic name as entry element | Leadership |
| 9 (RLIN) | 1000 |
| 653 ## - INDEX TERM--UNCONTROLLED | |
| Resource For college | BAEPS, Business Administration |
| Arrived date list | March2013 |
| 655 ## - INDEX TERM--GENRE/FORM | |
| Form subdivision | |
| -- | 33728 |
| 700 1# - ADDED ENTRY--PERSONAL NAME | |
| Personal name | Ginnett, Robert C. |
| 9 (RLIN) | 35340 |
| 700 1# - ADDED ENTRY--PERSONAL NAME | |
| Personal name | Curphy, Gordon J. |
| 9 (RLIN) | 35341 |
| 942 ## - ADDED ENTRY ELEMENTS (KOHA) | |
| Source of classification or shelving scheme | Dewey Decimal Classification |
| Call number prefix | 303.34 HUG |
| Withdrawn status | Item status | Source of classification or shelving scheme | Damaged status | Not for loan | Vendor | Home library | Current library | Shelving location | Date acquired | Cost, normal purchase price | Total Checkouts | Full call number | Barcode | Date last seen | Date last borrowed | Cost, replacement price | Koha item type | Source of acquisition | Checked out | Materials specified (bound volume or other part) | Total Renewals |
|---|---|---|---|---|---|---|---|---|---|---|---|---|---|---|---|---|---|---|---|---|---|
| Dewey Decimal Classification | Baccah | Central Library | Central Library | First floor | 03/03/2014 | 250.00 | 5 | 303.34 HUG | 000035642 | 15/07/2025 | 03/04/2018 | 312.50 | NB - Book (Non borrowing) | ||||||||
| Dewey Decimal Classification | Baccah | Central Library | Central Library | First floor | 03/03/2014 | 250.00 | 4 | 303.34 HUG | 000035643 | 19/01/2016 | 19/01/2016 | 312.50 | Book - Borrowing | 18/02/2016 | |||||||
| Lost | Dewey Decimal Classification | Baccah | Central Library | Central Library | First floor | 03/03/2014 | 250.00 | 20 | 303.34 HUG | 000035644 | 18/08/2021 | 26/02/2019 | 312.50 | Book - Borrowing | Lost_In_Inventory_12-2-2024 | 69 | |||||
| Dewey Decimal Classification | Baccah | Central Library | Central Library | First floor | 03/03/2014 | 250.00 | 18 | 303.34 HUG | 000035645 | 15/07/2025 | 23/02/2020 | 312.50 | Book - Borrowing | 60 | |||||||
| Dewey Decimal Classification | Baccah | Central Library | Central Library | First floor | 03/03/2014 | 250.00 | 16 | 303.34 HUG | 000035646 | 15/07/2025 | 12/02/2019 | 312.50 | Book - Borrowing | 55 | |||||||
| Lost | Dewey Decimal Classification | Baccah | Central Library | Central Library | First floor | 03/03/2014 | 250.00 | 303.34 HUG | 000035647 | 03/03/2014 | 312.50 | Book - Borrowing | Lost In Inventory_2005-2015/8/22 | ||||||||
| Lost | Dewey Decimal Classification | Baccah | Central Library | Central Library | First floor | 03/03/2014 | 250.00 | 19 | 303.34 HUG | 000035648 | 18/08/2021 | 23/02/2019 | 312.50 | Book - Borrowing | Lost_In_Inventory_12-2-2024 | 72 | |||||
| Dewey Decimal Classification | Baccah | Central Library | Central Library | First floor | 03/03/2014 | 250.00 | 19 | 303.34 HUG | 000035649 | 15/07/2025 | 09/03/2019 | 312.50 | Book - Borrowing | 33 | |||||||
| Lost | Dewey Decimal Classification | Baccah | Central Library | Central Library | First floor | 03/03/2014 | 250.00 | 18 | 303.34 HUG | 000035650 | 18/08/2021 | 16/03/2019 | 312.50 | Book - Borrowing | Lost_In_Inventory_12-2-2024 | 42 | |||||
| Lost | Dewey Decimal Classification | Baccah | Central Library | Central Library | First floor | 03/03/2014 | 250.00 | 18 | 303.34 HUG | 000035651 | 18/08/2021 | 20/02/2019 | 312.50 | Book - Borrowing | Lost_In_Inventory_12-2-2024 | 55 |